Music Quiz

Random Music or Clickable Quiz
Score 0/20 Timer 03:00
7 Plays Today
% Correct
Michael Jackson
95.6%
Elvis Presley
94.6%
Aretha Franklin
90.4%
Bruce Springsteen
88.1%
Donna Summer
86.7%
Loretta Lynn
85%
Ozzy Osbourne
84.3%
Johnny Cash
84%
Kenny Rogers
73.7%
Frank Sinatra
73.1%
% Correct
Kanye West
72.8%
Louis Armstrong
71.7%
Wayne Newton
66.5%
Eric Clapton
63.9%
David Bowie
63.1%
Jim Morrison
54.4%
Mel Torme
50%
Morrissey
49.5%
Jay-Z
45.4%
Hank Williams Jr.
41.9%
Remove Ads.
Support Sporcle.
Get the best of Sporcle when you Go Orange. This ad-free experience offers more features, more stats, and more fun while also helping to support Sporcle. Thank you for becoming a member.

You're not logged in!

Compare scores with friends on all Sporcle quizzes.
OR
Log In

Show Comments

Extras

Top Quizzes Today


Score Distribution

Your Account Isn't Verified!

In order to create a playlist on Sporcle, you need to verify the email address you used during registration. Go to your Sporcle Settings to finish the process.

Report this User

Report this user for behavior that violates our Community Guidelines.

Details: